| 000 | 004580000a22001810004500 | ||
|---|---|---|---|
| 003 | MACL | ||
| 005 | 20150919172140.0 | ||
| 008 | 150919b xxu||||| |||| 00| 0 eng d | ||
| 040 |
_aMACL _cMACL |
||
| 041 | _aEnglish | ||
| 082 | _a827/BHA | ||
| 100 |
_aBhagyalakshmi, J. _99792 |
||
| 245 | _aThat's ok Tammanna and other Reveries | ||
| 260 |
_bAlok Parva Prakashan _c2007 _aNew Delhi |
||
| 350 | _a350 | ||
| 650 |
_aLiterature _912161 |
||
| 942 |
_cBK _k827 _2ddc |
||
| 999 |
_c8497 _d8497 |
||